<?xml version="1.0" encoding="UTF-8"?>
<record
    xmlns:xsi="http://www.w3.org/2001/XMLSchema-instance"
    xsi:schemaLocation="http://www.loc.gov/MARC21/slim http://www.loc.gov/standards/marcxml/schema/MARC21slim.xsd"
    xmlns="http://www.loc.gov/MARC21/slim">

  <leader>02532nab a2200349uuc4500</leader>
  <controlfield tag="001">1543511</controlfield>
  <controlfield tag="005">20241114090621.0</controlfield>
  <controlfield tag="008">200317s2020                        eng  </controlfield>
  <datafield tag="035" ind1=" " ind2=" ">
    <subfield code="a">1543511</subfield>
  </datafield>
  <datafield tag="040" ind1=" " ind2=" ">
    <subfield code="c">comduadb</subfield>
  </datafield>
  <datafield tag="041" ind1=" " ind2=" ">
    <subfield code="a">eng</subfield>
  </datafield>
  <datafield tag="100" ind1="1" ind2="0">
    <subfield code="a">L&#xF3;pez M&#xE9;ndez, Santiago</subfield>
    <subfield code="4">aut</subfield>
    <subfield code="e">aut</subfield>
    <subfield code="9">797608</subfield>
  </datafield>
  <datafield tag="245" ind1="1" ind2="0">
    <subfield code="a">Development of an armored upper limb exoskeleton</subfield>
  </datafield>
  <datafield tag="336" ind1=" " ind2=" ">
    <subfield code="a">texto</subfield>
    <subfield code="b">txt</subfield>
    <subfield code="0">(uri)http://www.rdaregistry.info/termList/RDAContentType/#1020</subfield>
    <subfield code="2">rdacontent</subfield>
  </datafield>
  <datafield tag="500" ind1=" " ind2=" ">
    <subfield code="a">RESUMEN: El aspecto de la seguridad personal resulta ser un tema de inter&#xE9;s en la vida cotidiana y m&#xE1;s a&#xFA;n en el aspecto militar; dada la exigencia f&#xED;sica que se requiere para llevar equipamiento pesado, la industria militar desde hace algunas d&#xE9;cadas se ha visto en la necesidad de desarrollar tecnolog&#xED;as que apoyen f&#xED;sicamente a los soldados sin perder la capacidad de proteger la integridad de la persona. En el presente art&#xED;culo se aborda el dise&#xF1;o de un exoesqueleto de armadura para miembro superior con 3 grados de libertad. Se usa una metodolog&#xED;a de dise&#xF1;o mecatr&#xF3;nico para ajustar tanto los requerimientos antropom&#xE9;tricos y tecnol&#xF3;gicos, para el sistema de actuaci&#xF3;n se emplean motores DC alimentados por bater&#xED;a para garantizar la portabilidad del dispositivo. Para soportar los sistemas mencionados se emplea un material de matriz met&#xE1;lica el cual a su vez tiene la funci&#xF3;n de proteger al usuario. La estructura del exoesqueleto propuesto, el sistema de control, los m&#xF3;dulos de actuaci&#xF3;n y la armadura son integrados para generar un exoesqueleto portable para la protecci&#xF3;n y apoyo de los movimientos de flexo/extensi&#xF3;n del miembro superior.</subfield>
  </datafield>
  <datafield tag="650" ind1=" " ind2=" ">
    <subfield code="a">Robots - Dise&#xF1;o y construcci&#xF3;n</subfield>
    <subfield code="9">181851</subfield>
  </datafield>
  <datafield tag="650" ind1=" " ind2="7">
    <subfield code="a">Cinem&#xE1;tica</subfield>
    <subfield code="2">lemb</subfield>
    <subfield code="9">8361</subfield>
  </datafield>
  <datafield tag="650" ind1=" " ind2=" ">
    <subfield code="a">Mecatr&#xF3;nica</subfield>
    <subfield code="9">15499</subfield>
  </datafield>
  <datafield tag="650" ind1=" " ind2=" ">
    <subfield code="a">Exoesqueleto</subfield>
    <subfield code="9">214750</subfield>
  </datafield>
  <datafield tag="650" ind1=" " ind2=" ">
    <subfield code="a">Industria militar</subfield>
    <subfield code="9">103093</subfield>
  </datafield>
  <datafield tag="650" ind1=" " ind2="7">
    <subfield code="a">Dise&#xF1;o en ingenier&#xED;a</subfield>
    <subfield code="2">lemb</subfield>
    <subfield code="9">1544</subfield>
  </datafield>
  <datafield tag="650" ind1=" " ind2=" ">
    <subfield code="a">Dise&#xF1;o mecatr&#xF3;nico</subfield>
    <subfield code="9">187051</subfield>
  </datafield>
  <datafield tag="650" ind1=" " ind2=" ">
    <subfield code="a">Ingenier&#xED;a - Tecnolog&#xED;a</subfield>
    <subfield code="9">82431</subfield>
  </datafield>
  <datafield tag="650" ind1=" " ind2="7">
    <subfield code="a">Innovaciones tecnol&#xF3;gicas</subfield>
    <subfield code="2">lemb</subfield>
    <subfield code="9">4465</subfield>
  </datafield>
  <datafield tag="650" ind1=" " ind2=" ">
    <subfield code="a">Motores DC</subfield>
    <subfield code="9">66336</subfield>
  </datafield>
  <datafield tag="650" ind1=" " ind2=" ">
    <subfield code="a">Matriz met&#xE1;lica</subfield>
    <subfield code="9">60826</subfield>
  </datafield>
  <datafield tag="700" ind1="1" ind2="0">
    <subfield code="a">Mart&#xED;nez Tejada, Hader Vladimir</subfield>
    <subfield code="4">aut</subfield>
    <subfield code="e">aut</subfield>
    <subfield code="9">552865</subfield>
  </datafield>
  <datafield tag="700" ind1="1" ind2="0">
    <subfield code="a">Valencia Garc&#xED;a, Marco Fidel</subfield>
    <subfield code="4">aut</subfield>
    <subfield code="e">aut</subfield>
    <subfield code="9">795729</subfield>
  </datafield>
  <datafield tag="773" ind1="0" ind2=" ">
    <subfield code="t">Revista Facultad de Ingenier&#xED;a (Medell&#xED;n)</subfield>
    <subfield code="g">N&#xFA;mero 95, Abril-Junio de 2020, p&#xE1;ginas 109-117</subfield>
    <subfield code="w">120998</subfield>
    <subfield code="x">0120-6230</subfield>
    <subfield code="0">67890</subfield>
  </datafield>
  <datafield tag="856" ind1="4" ind2=" ">
    <subfield code="u">http://aprendeenlinea.udea.edu.co/revistas/index.php/ingenieria/article/view/337839/20795139</subfield>
  </datafield>
  <datafield tag="942" ind1=" " ind2=" ">
    <subfield code="c">ARIMP</subfield>
  </datafield>
  <datafield tag="999" ind1=" " ind2=" ">
    <subfield code="c">818989</subfield>
    <subfield code="d">818989</subfield>
  </datafield>
</record>
